| 000 | 01281nam a22003497a 4500 | ||
|---|---|---|---|
| 003 | CHAP | ||
| 005 | 20220329140841.0 | ||
| 008 | 971013s1971 r 00010 d | ||
| 010 | _a58606 | ||
| 011 | _a59578 | ||
| 035 | _a63737 | ||
| 040 | _cCHAP | ||
| 082 |
_a630.7 _bS6 |
||
| 100 | 0 | 0 |
_aSocias Schlottfeldt, Carlos. _9108043 |
| 245 | _aEducación para graduados en ciencias agropecuarias y afines en América Latina | ||
| 260 |
_a(San José, C.R.) : _bInstituto Interamericano de Ciencias Agrícolas, _c1971 |
||
| 300 | _a3v | ||
| 490 |
_aDesarrollo institucional _v; 2 |
||
| 590 |
_aBATCH-UPD _b10 _c20130110 _lUCH01 _h1911 |
||
| 590 |
_aBATCH-UPD _b10 _c20130410 _lUCH01 _h1238 |
||
| 590 |
_aBATCH-UPD _b10 _c20130914 _lUCH01 _h1219 |
||
| 590 |
_aCONVERSION _b10 _c20130109 _lUCH01 _h1331 |
||
| 650 | 1 | 4 |
_aAgricultura _xEstudio y ensenanza. _91474 |
| 650 | 1 | 4 |
_aEducación agrícola. _935491 |
| 650 | 1 | 4 |
_aGanadería _xEstudio y enseñanza. _944733 |
| 830 | 0 |
_aDesarrollo institucional _v; 2 _932061 |
|
| 901 | _aBK | ||
| 942 | _cLIBRO | ||
| 949 |
_a630.7 S6 _bBC _cLIBRO _d33724000548269 _eLIBRO _fv.2 _h59786 _i63737 _si |
||
| 949 |
_a630.7 S6 _bBC _cLIBRO _d33724000548277 _eLIBRO _fv.3 _h59787 _i63737 _si |
||
| 949 |
_a630.7 S6 _bBC _cLIBRO _d33724000548285 _eLIBRO _fv.1 _h59785 _i63737 _si |
||
| 999 |
_c58606 _d58606 |
||